[Event "POL-ch Blitz U18 Girls"]
[Site "Bydgoszcz"]
[Date "2023.08.31"]
[Round "8"]
[White "Hertlein, Irena"]
[Black "Nowak, Roksana"]
[Result "0-1"]
[WhiteElo "2120"]
[BlackElo "1798"]
[PlyCount "53"]
[EventDate "2023.08.28"]
[EventType "swiss"]
[EventRounds "9"]
[EventCountry "POL"]
[SourceTitle "EXT 2024"]
[Source "ChessBase"]
[SourceDate "2023.10.10"]
[SourceVersion "1"]
[SourceVersionDate "2023.10.10"]
[SourceQuality "1"]

1. d4 f5 2. Nf3 Nf6 3. g3 b6 4. Bg2 Bb7 5. c4 e6 6. Nc3 Bb4 7. Bd2 0-0 8. 0-0 Bxc3 9. Bxc3 Qe8 10. d5 Ne4 11. Bb4 Rf6 12. Nd4 c5 13. dxc6 Nxc6 14. Nb5 Nxb4 15. Nc7 Qc8 16. Nxa8 Bxa8 17. a3 Na6 18. Rc1 Rf7 19. b4 Qc7 20. Qd3 Bb7 21. Rfd1 Nf6 22. Bxb7 Qxb7 23. f3 h6 24. Qd6 Ne8 25. Qd4 f4 26. g4 Nac7 27. c5 0-1

[Event "POL-ch Rapid U18 Girls"]
[Site "Bydgoszcz"]
[Date "2023.08.29"]
[Round "3"]
[White "Krzyzosiak, Anna"]
[Black "Hertlein, Irena"]
[Result "0-1"]
[WhiteElo "1545"]
[BlackElo "1865"]
[PlyCount "148"]
[EventDate "2023.08.28"]
[EventType "swiss"]
[EventRounds "11"]
[EventCountry "POL"]
[SourceTitle "EXT 2024"]
[Source "ChessBase"]
[SourceDate "2023.10.10"]
[SourceVersion "1"]
[SourceVersionDate "2023.10.10"]
[SourceQuality "1"]

1. Nf3 d5 2. g3 e6 3. Bg2 c5 4. 0-0 Nc6 5. d3 Nf6 6. Nbd2 Be7 7. e4 0-0 8. e5 Nd7 9. Re1 b5 10. c3 a5 11. Nf1 Ba6 12. h4 b4 13. N1h2 Qc7 14. Bf4 a4 15. a3 bxa3 16. bxa3 Rab8 17. c4 dxc4 18. dxc4 Bxc4 19. Qxa4 Bb3 20. Qe4 Bd5 21. Qc2 c4 22. Ng5 Bxg5 23. hxg5 Bxg2 24. Kxg2 Nd4 25. Qe4 Nb3 26. Rad1 Qb7 27. Nf3 Qxe4 28. Rxe4 Nb6 29. Rd6 Rfc8 30. Nd4 Nxd4 31. Rexd4 Nd5 32. Bc1 c3 33. a4 c2 34. a5 g6 35. Rh4 Rb1 36. Rh1 Ra1 37. a6 Nb4 38. Rd4 Nxa6 39. Rdh4 Kf8 40. Rxh7 Ke7 41. Rg7 Nc5 42. Rhh7 Rf8 43. Rh1 Nd3 44. Bd2 Rd1 45. Be3 Rxh1 46. Kxh1 c1Q+ 47. Bxc1 Nxc1 48. Rh7 Nd3 49. f4 Rc8 50. Kg2 Rc2+ 51. Kf3 Nc5 52. Rh1 Rc3+ 53. Kg4 Ne4 54. Rg1 Nf2+ 55. Kh4 Rc8 56. g4 Rc3 57. Rg3 Rxg3 58. Kxg3 Ne4+ 59. Kf3 Nc3 60. Ke3 Kd7 61. Kd4 Ne2+ 62. Ke3 Nc3 63. Kd4 Nd5 64. f5 Kc6 65. Ke4 Kc5 66. fxe6 fxe6 67. Kd3 Nf4+ 68. Ke3 Nh3 69. Ke4 Nxg5+ 70. Kf4 Nf7 71. Ke4 g5 72. Ke3 Nxe5 73. Ke4 Nxg4 74. Kf3 Nf6 0-1

[Event "Ustron op-B"]
[Site "Ustron"]
[Date "2023.08.14"]
[Round "4"]
[White "Chinguun, Otgonbayar"]
[Black "Hertlein, Irena"]
[Result "0-1"]
[WhiteElo "1914"]
[BlackElo "2120"]
[PlyCount "132"]
[EventDate "2023.08.11"]
[EventType "swiss"]
[EventRounds "9"]
[EventCountry "POL"]
[SourceTitle "CBM 215 Extra"]
[Source "ChessBase"]
[SourceDate "2023.09.30"]
[SourceVersion "1"]
[SourceVersionDate "2023.09.30"]
[SourceQuality "1"]

1. d4 d5 2. c4 e6 3. Nc3 c5 4. e3 Nf6 5. Nf3 Nc6 6. Bd3 cxd4 7. exd4 dxc4 8. Bxc4 Be7 9. 0-0 0-0 10. Be3 b6 11. Rc1 Bb7 12. a3 Rc8 13. Ba2 Qd6 14. Qe2 Rfd8 15. Rfd1 Qb8 16. b4 h6 17. d5 exd5 18. Nxd5 Nxd5 19. Bxd5 Bf6 20. Ba2 Ne5 21. Rxc8 Rxc8 22. Nxe5 Qxe5 23. Qg4 Rd8 24. Rxd8+ Bxd8 25. Qd4 Bc7 26. Qxe5 Bxe5 27. a4 Kf8 28. a5 bxa5 29. bxa5 a6 30. Bc5+ Ke8 31. Bb3 f6 32. Bb4 Kd7 33. Bf8 f5 34. Ba4+ Bc6 35. Bc2 Be4 36. Ba4+ Kc7 37. g3 Bc3 38. h4 Bc6 39. Bc2 f4 40. gxf4 Kd7 41. f5 Ke8 42. Bc5 Bxa5 43. Bd4 Kf8 44. Bb3 Bd8 45. h5 Bf3 46. Bc5+ Be7 47. Bb6 Bb4 48. Bd4 Bxh5 49. f6 gxf6 50. Bxf6 a5 51. Kh2 Be8 52. Kh3 a4 53. Bc4 Bf7 54. Bxf7 Kxf7 55. Bb2 Ke6 56. Kg4 h5+ 57. Kxh5 Kf5 58. Bc1 Be1 59. Kh4 Bxf2+ 60. Kh3 Ke4 61. Kg2 Bc5 62. Kf1 Kd3 63. Ke1 Kc2 64. Bh6 a3 65. Bg7 Bb4+ 66. Ke2 a2 0-1

[Event "Ceske Budejovice op-A"]
[Site "Ceske Budejovice"]
[Date "2023.07.09"]
[Round "9"]
[White "Bartos, Jan"]
[Black "Hertlein, Irena"]
[Result "0-1"]
[WhiteElo "2122"]
[BlackElo "1978"]
[PlyCount "84"]
[EventDate "2023.07.01"]
[EventType "swiss"]
[EventRounds "9"]
[EventCountry "CZE"]
[SourceTitle "CBM 215 Extra"]
[Source "ChessBase"]
[SourceDate "2023.09.30"]
[SourceVersion "1"]
[SourceVersionDate "2023.09.30"]
[SourceQuality "1"]

1. d4 d5 2. c4 e6 3. Nf3 Nf6 4. g3 c5 5. Bg2 Nc6 6. cxd5 exd5 7. 0-0 Be7 8. dxc5 Bxc5 9. a3 a5 10. Nc3 0-0 11. Bg5 d4 12. Na4 Ba7 13. Rc1 h6 14. Bxf6 Qxf6 15. Nc5 Bxc5 16. Rxc5 Be6 17. Ne1 Qe7 18. Nd3 a4 19. Qd2 Rfe8 20. Rfc1 Rad8 21. Nf4 Bg4 22. R1c2 d3 23. Nxd3 Nd4 24. R2c4 Nb3 25. Qf4 Nxc5 26. Qxg4 Nxd3 27. exd3 Qe1+ 28. Bf1 Rxd3 29. Rc8 Rdd8 30. Rxd8 Rxd8 31. Qxa4 Rd2 32. Qf4 Rxb2 33. Kg2 Qd2 34. Qf5 Qc2 35. Qf4 Qc6+ 36. Kh3 Qf6 37. Qb8+ Kh7 38. Bd3+ g6 39. f4 Rd2 40. Bb1 Qb2 41. Qc7 Rxh2+ 42. Kg4 Qe2# 0-1

[Event "Ceske Budejovice op-A"]
[Site "Ceske Budejovice"]
[Date "2023.07.06"]
[Round "6"]
[White "Slampa, Jan"]
[Black "Hertlein, Irena"]
[Result "1-0"]
[WhiteElo "2227"]
[BlackElo "1978"]
[PlyCount "59"]
[EventDate "2023.07.01"]
[EventType "swiss"]
[EventRounds "9"]
[EventCountry "CZE"]
[SourceTitle "CBM 215 Extra"]
[Source "ChessBase"]
[SourceDate "2023.09.30"]
[SourceVersion "1"]
[SourceVersionDate "2023.09.30"]
[SourceQuality "1"]

1. e4 c5 2. Nf3 d6 3. d4 cxd4 4. Nxd4 Nf6 5. Nc3 Nc6 6. Be2 e5 7. Nf3 h6 8. 0-0 Be7 9. Re1 Bg4 10. h3 Bxf3 11. Bxf3 Qd7 12. Be3 0-0 13. Qd2 Na5 14. b3 b6 15. Rad1 Rac8 16. Ne2 Qc6 17. c4 Nb7 18. Ng3 Rfd8 19. Bxh6 gxh6 20. Qxh6 Nh7 21. Nf5 Bf8 22. Qh4 Rc7 23. Bh5 f6 24. Rd3 Bg7 25. Rg3 Nc5 26. Bg6 Ng5 27. Rxg5 fxg5 28. Qh7+ Kf8 29. Nxg7 Ke7 30. Ne8+ 1-0

[Event "Ceske Budejovice op-A"]
[Site "Ceske Budejovice"]
[Date "2023.07.05"]
[Round "5"]
[White "Hertlein, Irena"]
[Black "Zilavy, Jan"]
[Result "1-0"]
[WhiteElo "1978"]
[BlackElo "2146"]
[PlyCount "95"]
[EventDate "2023.07.01"]
[EventType "swiss"]
[EventRounds "9"]
[EventCountry "CZE"]
[SourceTitle "CBM 215 Extra"]
[Source "ChessBase"]
[SourceDate "2023.09.30"]
[SourceVersion "1"]
[SourceVersionDate "2023.09.30"]
[SourceQuality "1"]

1. e4 d5 2. exd5 Nf6 3. d4 Bg4 4. Be2 Bxe2 5. Nxe2 Qxd5 6. 0-0 Nc6 7. c3 0-0-0 8. Qb3 e5 9. c4 Qe4 10. Qh3+ Kb8 11. Nbc3 Qc2 12. dxe5 Nxe5 13. Bf4 Nd3 14. Qf5 Bd6 15. Rfc1 Qxb2 16. Rab1 Bxf4 17. Rxb2 Bxc1 18. Nxc1 Nxb2 19. h3 Rhe8 20. Qc2 Re1+ 21. Kh2 Nd1 22. Nd3 Nxc3 23. Nxe1 Nce4 24. Nf3 a6 25. Qb2 Rd1 26. Ne5 Rd2 27. Qb4 Rxf2 28. Nc6+ Kc8 29. Qf8+ Kd7 30. Nb8+ Ke6 31. Qc8+ Ke5 32. Qxc7+ Kd4 33. Nd7 Nxd7 34. Qxd7+ Kxc4 35. Qxb7 Nc5 36. Qe7 Rf6 37. Qe2+ Kc3 38. Qe1+ Kc2 39. Qg3 Ne6 40. Qb3+ Kd2 41. Qb4+ Ke2 42. Qc4+ Ke3 43. Qxa6 Nd4 44. Qa3+ Ke4 45. Qa8+ Ke3 46. a4 Rf2 47. a5 f5 48. a6 1-0

[Event "Ceske Budejovice op-A"]
[Site "Ceske Budejovice"]
[Date "2023.07.01"]
[Round "1"]
[White "Hertlein, Irena"]
[Black "Stavova, Marketa"]
[Result "1-0"]
[WhiteElo "1978"]
[BlackElo "1388"]
[PlyCount "89"]
[EventDate "2023.07.01"]
[EventType "swiss"]
[EventRounds "9"]
[EventCountry "CZE"]
[SourceTitle "CBM 215 Extra"]
[Source "ChessBase"]
[SourceDate "2023.09.30"]
[SourceVersion "1"]
[SourceVersionDate "2023.09.30"]
[SourceQuality "1"]

1. d4 d5 2. Bf4 e6 3. e3 Nf6 4. Nd2 c5 5. c3 Nc6 6. Ngf3 c4 7. b3 b5 8. a4 b4 9. cxb4 c3 10. Nb1 Bxb4 11. Qc2 Qa5 12. Bd3 h6 13. 0-0 Bd7 14. Ne5 Nxe5 15. Bxe5 Rc8 16. Na3 a6 17. Qe2 Ra8 18. Qf3 Be7 19. Qg3 0-0 20. Nc2 Kh8 21. Bc7 Nh5 22. Bxa5 Nxg3 23. hxg3 Rfc8 24. Rfb1 f6 25. b4 e5 26. b5 axb5 27. axb5 e4 28. Be2 Rab8 29. b6 Bc6 30. Ba6 Bb7 31. Bxb7 Rxb7 32. Rb3 Bd8 33. Rab1 Rc6 34. Rxc3 Rd6 35. Rc8 Kh7 36. Rc5 Kg6 37. g4 Kf7 38. Kh2 Ke6 39. Kg3 Bxb6 40. Rcb5 Rc7 41. Rxb6 Rxc2 42. Rxd6+ Kxd6 43. Rb7 Ra2 44. Bb4+ Ke6 45. Re7# 1-0

[Event "POL-ch U18 Girls"]
[Site "Jastrzebia Gora"]
[Date "2023.??.??"]
[Round "7"]
[White "Starosta, Martyna"]
[Black "Hertlein, Irena"]
[Result "1/2-1/2"]
[WhiteElo "2138"]
[BlackElo "1994"]
[PlyCount "63"]
[EventDate "2023.03.11"]
[EventType "swiss"]
[EventRounds "9"]
[EventCountry "POL"]
[SourceTitle "CBM 213 Extra"]
[Source "ChessBase"]
[SourceDate "2023.05.31"]
[SourceVersion "1"]
[SourceVersionDate "2023.05.31"]
[SourceQuality "1"]

1. d4 d5 2. c4 e6 3. Nc3 c5 4. cxd5 exd5 5. Nf3 Nc6 6. dxc5 d4 7. Na4 Bxc5 8. Nxc5 Qa5+ 9. Bd2 Qxc5 10. Rc1 Qb6 11. e3 dxe3 12. Bxe3 Qa5+ 13. Bd2 Qh5 14. Bc3 Qg4 15. Bd3 Nge7 16. h3 Qh5 17. 0-0 0-0 18. Re1 Be6 19. b4 a6 20. Bd2 Rfd8 21. Qe2 Nd4 22. Nxd4 Qxe2 23. Bxe2 Rxd4 24. Be3 Rd7 25. a3 Nd5 26. Bd2 h6 27. Bf3 Rad8 28. Be3 Nxe3 29. Rxe3 g6 30. Rec3 Bd5 31. Bxd5 Rxd5 32. Kf1 1/2-1/2

[Event "POL-ch sf (Women)"]
[Site "Karpacz"]
[Date "2022.12.09"]
[Round "8"]
[White "Pietryk, Joanna"]
[Black "Hertlein, Irena"]
[Result "0-1"]
[WhiteElo "1414"]
[BlackElo "1961"]
[PlyCount "62"]
[EventDate "2022.12.03"]
[EventType "swiss"]
[EventRounds "9"]
[EventCountry "POL"]
[SourceTitle "EXT 2024"]
[Source "ChessBase"]
[SourceDate "2023.10.10"]
[SourceVersion "1"]
[SourceVersionDate "2023.10.10"]
[SourceQuality "1"]

1. d4 d5 2. c4 e6 3. Nf3 Nf6 4. Nbd2 Be7 5. e3 0-0 6. Be2 c5 7. 0-0 b6 8. Nb3 Nbd7 9. Qc2 a6 10. a4 Bb7 11. Nfd2 Rc8 12. dxc5 Nxc5 13. Nxc5 Rxc5 14. b4 Rc7 15. Qb3 dxc4 16. Bxc4 Qd6 17. b5 Ng4 18. f4 Bf6 19. Ra2 Nxe3 20. Ne4 Bxe4 21. Bxe3 Rfc8 22. Rd2 Qe7 23. Bd3 Rc3 24. Qb1 Bxd3 25. Rxd3 axb5 26. Qxb5 Rxd3 27. Qxd3 Qb4 28. Qa6 Rd8 29. Bxb6 Qxb6+ 30. Qxb6 Bd4+ 31. Kh1 Bxb6 0-1

[Event "Ustron op-B"]
[Site "Ustron"]
[Date "2022.08.13"]
[Round "2"]
[White "Hertlein, Irena"]
[Black "Becker, Carsten"]
[Result "1/2-1/2"]
[WhiteElo "1924"]
[BlackElo "2007"]
[PlyCount "42"]
[EventDate "2022.08.12"]
[EventType "swiss"]
[EventRounds "9"]
[EventCountry "POL"]
[SourceTitle "CBM 209 Extra"]
[Source "ChessBase"]
[SourceDate "2022.09.30"]
[SourceVersion "1"]
[SourceVersionDate "2022.09.30"]
[SourceQuality "1"]

1. e4 e6 2. d4 d5 3. Nd2 dxe4 4. Nxe4 Bd7 5. Nf3 Bc6 6. Bd3 Bxe4 7. Bxe4 c6 8. c3 Nf6 9. Bc2 Nbd7 10. Qe2 Bd6 11. h4 Qc7 12. h5 h6 13. g3 0-0-0 14. Bd2 Rhe8 15. 0-0-0 e5 16. dxe5 Nxe5 17. Nd4 Ned7 18. Qf3 Ne5 19. Qe2 Ned7 20. Qf3 Ne5 21. Qe2 Ned7 1/2-1/2

[Event "Warsaw Najdorf Memorial op-A"]
[Site "Warsaw"]
[Date "2022.07.17"]
[Round "9"]
[White "Hertlein, Irena"]
[Black "Lee, Hyo"]
[Result "0-1"]
[WhiteElo "1850"]
[BlackElo "1818"]
[PlyCount "112"]
[EventDate "2022.07.09"]
[EventType "swiss"]
[EventRounds "9"]
[EventCountry "POL"]
[SourceTitle "CBM 209 Extra"]
[Source "ChessBase"]
[SourceDate "2022.09.30"]
[SourceVersion "1"]
[SourceVersionDate "2022.09.30"]
[SourceQuality "1"]

1. d4 Nf6 2. c4 g6 3. h4 Bg7 4. Nc3 d6 5. e4 Nc6 6. Nge2 0-0 7. f3 e5 8. d5 Nd4 9. Be3 c5 10. dxc6 Nxc6 11. g4 Be6 12. b3 Rc8 13. Qd2 a6 14. Rd1 Qa5 15. Nb1 Nb4 16. Kf2 Bxg4 17. a3 Nc6 18. Qxa5 Nxa5 19. fxg4 Nxg4+ 20. Kf3 Nxe3 21. Kxe3 Nxb3 22. Nec3 Nd4 23. Nd5 Bh6+ 24. Kd3 Kg7 25. h5 b5 26. cxb5 axb5 27. Rh2 f5 28. hxg6 Rc4 29. gxh7 fxe4+ 30. Kxe4 Nb3+ 31. Kd3 e4+ 32. Ke2 Rc2+ 33. Nd2 Nd4+ 34. Ke1 Bxd2+ 35. Rhxd2 Nf3+ 36. Ke2 Rxd2+ 37. Rxd2 Nxd2 38. Bg2 Nc4 39. Bxe4 Nxa3 40. Kd3 Rb8 41. Kc3 Nc4 42. Kb4 Nb6 43. Nc3 Nc8 44. Nd5 Na7 45. Ne7 Rd8 46. Nf5+ Kh8 47. Nh6 Rd7 48. Bg6 Nc6+ 49. Kxb5 Ne5 50. Be4 d5 51. Bf5 Rd6 52. Ng8 d4 53. Kc5 Rd8 54. Nf6 d3 55. Nd5 d2 56. Bc2 Nd3+ 0-1

[Event "Warsaw Najdorf Memorial op-A"]
[Site "Warsaw"]
[Date "2022.07.14"]
[Round "6"]
[White "Hertlein, Irena"]
[Black "Kulpa, Zuzanna"]
[Result "1/2-1/2"]
[WhiteElo "1850"]
[BlackElo "1985"]
[PlyCount "82"]
[EventDate "2022.07.09"]
[EventType "swiss"]
[EventRounds "9"]
[EventCountry "POL"]
[SourceTitle "CBM 209 Extra"]
[Source "ChessBase"]
[SourceDate "2022.09.30"]
[SourceVersion "1"]
[SourceVersionDate "2022.09.30"]
[SourceQuality "1"]

1. e4 e5 2. Nf3 Nc6 3. Bb5 a6 4. Ba4 Nf6 5. 0-0 Be7 6. Re1 b5 7. Bb3 d6 8. c3 0-0 9. h3 Nb8 10. d4 Nbd7 11. c4 c6 12. Nc3 b4 13. Nb1 c5 14. d5 Nb6 15. Nbd2 a5 16. a4 Ba6 17. Ba2 Re8 18. b3 Bf8 19. Nf1 g6 20. Bb1 Bg7 21. Ra2 Nh5 22. g3 Qd7 23. Kg2 Rab8 24. Be3 h6 25. N1h2 Nf6 26. Rh1 Rbd8 27. Qc1 Bc8 28. Ng4 h5 29. Nh6+ Kf8 30. Bg5 Ke7 31. Bxf6+ Bxf6 32. Ng5 Rf8 33. Nh7 Rh8 34. Nxf6 Kxf6 35. g4 Kg7 36. g5 Rdf8 37. f4 exf4 38. Rf2 f6 39. Rxf4 fxg5 40. Rxf8 Rxf8 41. Qxg5 Qd8 1/2-1/2

[Event "Warsaw Najdorf Memorial op-A"]
[Site "Warsaw"]
[Date "2022.07.13"]
[Round "5"]
[White "Siekanska, Maria"]
[Black "Hertlein, Irena"]
[Result "1/2-1/2"]
[WhiteElo "1964"]
[BlackElo "1850"]
[PlyCount "88"]
[EventDate "2022.07.09"]
[EventType "swiss"]
[EventRounds "9"]
[EventCountry "POL"]
[SourceTitle "CBM 209 Extra"]
[Source "ChessBase"]
[SourceDate "2022.09.30"]
[SourceVersion "1"]
[SourceVersionDate "2022.09.30"]
[SourceQuality "1"]

1. d4 Nf6 2. c4 g6 3. Nf3 Bg7 4. g3 d6 5. Bg2 0-0 6. 0-0 Nc6 7. Nc3 e5 8. d5 Ne7 9. Qc2 a5 10. a3 Ne8 11. Rb1 f5 12. b4 b6 13. Qb3 h6 14. Bb2 axb4 15. axb4 g5 16. c5 f4 17. Ne4 Ng6 18. Ra1 Rxa1 19. Rxa1 Bf5 20. Nfd2 h5 21. cxb6 cxb6 22. b5 h4 23. Ra6 g4 24. Qc3 hxg3 25. hxg3 fxg3 26. fxg3 Nc7 27. Ra1 Nxb5 28. Qb4 Qd7 29. Nc4 Bxe4 30. Bxe4 Ne7 31. Nxb6 Qb7 32. Nc4 Nc8 33. Qd2 Qf7 34. e3 Qh5 35. Bg2 Bh6 36. Qe2 Qg5 37. Re1 Nc7 38. Ba3 Ne8 39. Qc2 Bg7 40. Qe2 Bh6 41. Rc1 Nb6 42. Kh1 Qh5+ 43. Kg1 Qg5 44. Kh1 Qh5+ 1/2-1/2

[Event "POL-chT U18 1st"]
[Site "Poland"]
[Date "2022.07.01"]
[Round "7.5"]
[White "Kudlak, Julia"]
[Black "Hertlein, Irena"]
[Result "1-0"]
[WhiteElo "1654"]
[BlackElo "1864"]
[PlyCount "77"]
[EventDate "2022.06.25"]
[EventType "team-swiss"]
[EventRounds "9"]
[EventCountry "POL"]
[SourceTitle "EXT 2023"]
[Source "ChessBase"]
[SourceDate "2022.10.05"]
[SourceVersion "1"]
[SourceVersionDate "2022.10.05"]
[SourceQuality "1"]
[WhiteTeam "Warszawa Polonia"]
[BlackTeam "Katowice Hetman Szopienice"]
[WhiteTeamCountry "POL"]
[BlackTeamCountry "POL"]

1. e4 c5 2. Nf3 Nc6 3. d4 cxd4 4. Nxd4 e5 5. Nb5 d6 6. N1c3 a6 7. Na3 Be7 8. Nd5 Nf6 9. Nxf6+ Bxf6 10. Nc4 0-0 11. c3 Be7 12. Ne3 Be6 13. Bd3 Qd7 14. 0-0 Rad8 15. Qe2 Bf6 16. f3 g6 17. Bc4 Bg7 18. Rd1 Ne7 19. a4 Kh8 20. b3 f5 21. Ba3 Nc8 22. Ra2 f4 23. Bxe6 Qxe6 24. Nd5 Rf7 25. Rad2 g5 26. Qc4 Qd7 27. Qb4 b5 28. axb5 axb5 29. Kh1 Bf8 30. c4 bxc4 31. bxc4 Na7 32. Qb2 Nc6 33. Nb6 Qc7 34. c5 Rb8 35. Qc3 dxc5 36. Nd7 Rd8 37. Nxe5 Nd4 38. Nxf7+ Qxf7 39. Bxc5 1-0

[Event "POL-chT U18 1st"]
[Site "Poland"]
[Date "2022.06.28"]
[Round "4.5"]
[White "Hertlein, Irena"]
[Black "Bugaj, Hanna"]
[Result "1-0"]
[WhiteElo "1864"]
[BlackElo "1779"]
[PlyCount "65"]
[EventDate "2022.06.25"]
[EventType "team-swiss"]
[EventRounds "9"]
[EventCountry "POL"]
[SourceTitle "EXT 2023"]
[Source "ChessBase"]
[SourceDate "2022.10.05"]
[SourceVersion "1"]
[SourceVersionDate "2022.10.05"]
[SourceQuality "1"]
[WhiteTeam "Katowice Hetman Szopienice"]
[BlackTeam "Ognisko Rydultowy"]
[WhiteTeamCountry "POL"]
[BlackTeamCountry "POL"]

1. e4 c5 2. Nf3 Nc6 3. d4 cxd4 4. Nxd4 Nf6 5. Nc3 e5 6. Ndb5 d6 7. Bg5 a6 8. Na3 b5 9. Nd5 Be7 10. Bxf6 Bxf6 11. c4 bxc4 12. Bxc4 0-0 13. 0-0 Rb8 14. Rb1 Kh8 15. b4 Nd4 16. Nc2 Nxc2 17. Qxc2 Bg5 18. Qd3 f5 19. f3 Be6 20. a3 Bh6 21. Kh1 f4 22. Bxa6 g5 23. Rbc1 g4 24. Nc7 Rf6 25. Nxe6 Rxe6 26. Rc6 gxf3 27. Qxf3 Bf8 28. Rfc1 Qf6 29. Bc8 Re8 30. Qh5 Re7 31. Bf5 Rg7 32. Rc8 Rg5 33. Qxh7# 1-0

[Event "POL-ch U18 Girls"]
[Site "Sypniewo"]
[Date "2022.03.21"]
[Round "3"]
[White "Bienko, Jagoda"]
[Black "Hertlein, Irena"]
[Result "0-1"]
[WhiteElo "1551"]
[BlackElo "1925"]
[PlyCount "164"]
[EventDate "2022.03.19"]
[EventType "swiss"]
[EventRounds "9"]
[EventCountry "POL"]
[SourceTitle "CBM 207 Extra"]
[Source "ChessBase"]
[SourceDate "2022.05.31"]
[SourceVersion "1"]
[SourceVersionDate "2022.05.31"]
[SourceQuality "1"]

1. d4 Nf6 2. c4 e6 3. Nf3 b6 4. g3 Bb7 5. Bg2 c6 6. 0-0 Be7 7. b3 0-0 8. Nc3 d5 9. Bb2 Nbd7 10. e3 Rc8 11. Rc1 dxc4 12. bxc4 c5 13. Nd2 Bxg2 14. Kxg2 cxd4 15. exd4 Nb8 16. Nce4 Nc6 17. Nxf6+ Bxf6 18. Nf3 Qd7 19. Qd2 Rfd8 20. Rfd1 Na5 21. Qb4 Be7 22. c5 Nb7 23. Qc3 Qd5 24. a3 Bf8 25. Qb4 Qc6 26. Qc3 bxc5 27. Kg1 c4 28. Ne5 Qd5 29. Rc2 Nd6 30. Qe3 Rb8 31. Rdc1 Rb3 32. Qe2 Rdb8 33. Nd7 Rd8 34. Nxf8 Rxf8 35. Bc3 a5 36. a4 Ne4 37. Bxa5 Ng5 38. Qxc4 Nh3+ 39. Kf1 Qh1+ 40. Ke2 Qf3+ 41. Ke1 Ng5 42. Rc3 Qe4+ 43. Kd1 Rb2 44. R3c2 Qh1+ 45. Be1 Qf3+ 46. Qe2 Qb3 47. Qe3 Nf3 48. h4 h6 49. Bc3 Rxc2 50. Rxc2 Nh2 51. a5 Ng4 52. Qf3 Nf6 53. Qd3 Nd5 54. Kd2 Qa4 55. Rc1 Rc8 56. Ra1 Qb3 57. Rc1 Nb4 58. Qf3 Qa2+ 59. Ke1 Nd5 60. Ra1 Qb3 61. Rc1 Rxc3 62. Rxc3 Qxc3+ 63. Qxc3 Nxc3 64. Kd2 Nd5 65. Kd3 Kf8 66. Kc4 Ke7 67. Kc5 Kd7 68. f4 g6 69. a6 Kc7 70. a7 Nb6 71. g4 h5 72. gxh5 gxh5 73. d5 exd5 74. a8Q Nxa8 75. Kxd5 Kd7 76. Ke5 Ke7 77. Kf5 Nc7 78. Kg5 Ne6+ 79. Kxh5 Nxf4+ 80. Kg5 Ng6 81. h5 Nh8 82. Kh6 f5 0-1